000 00169nam a2200073Ia 4500
008 170817s9999 xx 000 0 und d
100 _aPanda.B.N
245 0 _aTeacher Education
260 _bA. P. H. PUB.
999 _c38747
_d38747